01890nam a2200253 a 4500001001500000003000400015005001700019008004100036020003500077020003000112040000900142050000900151082001000160245012500170260004600295300002100341520108700362650001701449650001801466650002001484650002801504700002201532856008201554ASIN1907317392OSt20180116192423.0140714s2012 xxu eng d a1907317392 (paperback)c$29.95 a9781907317392 (paperback) csada04aGF5004a304.200aAtlas :bgeography, architecture and change in an interdependent world /cedited by renata Tyszczuk and Melissa Butcher. aLondon. :bBlack Dog Architecture,c2012. a160 p. ;c26 cm. aAtlas: Geography, Architecture and Change in an Interdependent World helps readers find their way through the practical and ethical challenges presented by globalisation and global environmental change. Atlas: Geography, Architecture and Change in an Interdependent World combines recent thinking on human geography and architecture on global environmental change issues, setting out to develop a reinterpretation of cartography and a reframing of sustainability. The aim is to find a "re-drawing of the earth" and the "making of new maps". With a focus on the growth and remaking of cities it offers an innovative mix of essays and shorter texts, original artworks and distinctive re-mappings. The Atlas arises out of a unique collaboration between scholars and practitioners from architecture and human geography. The project is in collaboration with the Open Space Research Centre at The Open University and is a collaboration between academics from the Geography discipline OU, the School of Architecture, University of Sheffield and researchers at the New Economics Foundation. 0aArchitecture 0aGlobalization 0aHuman geography 0aSustainable development1 aButcher, Melissa.403Amazon.comuhttp://www.amazon.com/exec/obidos/ASIN/1907317392/chopaconline-20